Statistics for African-American Famous Person by Photo

Click here to take the quiz!

General Stats

  • This quiz has been taken 59 times
  • The average score is 11 of 20

Answer Stats

Answer % Correct
Barack Obama
100%
Beyonce Knowles
89%
Shaquille O'Neal
87%
Oprah Winfrey
83%
Jimi Hendrix
74%
Tiger Woods
70%
Rosa Parks
68%
Kevin Hart
60%
Halle Berry
60%
Michael B. Jordan
57%
Cardi B
53%
Whitney Houston
45%
Russell Wilson
42%
Maya Angelou
42%
Wanda Sykes
40%
Al Sharpton
38%
Clarence Thomas
30%
2 Chainz
17%
Yara Shahidi
15%
Joy Bryant
9%

Score Distribution

Percentile by Number Answered

Percent of People with Each Score

Your Score History

You have not taken this quiz